000 00320 a2200157 4500
001 160728
020 _a
040 _cMagnum
100 _aBelinky, Tatiana
240 1 0 _aRepresalia de bicho
_lpor
245 1 0 _aRepresalia de bicho
362 0 _a1899
440 1 _aDo Brasil
697 _aIJ/ANIMAIS
942 _cBK
999 _c160728
_d160728